Quizzes
Events
Quiz Creation
Community
Videos
Private Events
Remove Ads
Sign In
Join for FREE
Feedback
Dark Mode
Quiz Categories
Sports
Geography
Music
Movies
Television
Just For Fun
Miscellaneous
History
Literature
Language
Science
Gaming
Entertainment
Religion
Holiday
For Kids
Quiz Lab
Recent
Popular Today
Quiz Kudos Today
Editor Picks
Curator Picks
Quizzes by...
Day
Popularity
Type
Ratings
Length
Year
Community
Subscriptions
Recent Discussions
Orange Saloon
Badges
Playlists
Quests
Create
Leaderboards
Showdown
Live 5
Trivia Bingo
Activity
Puzzle Library
Sporcle Events
Private Events
Virtual Trivia
Globe League
Become a Host
Pub Owners
SporcleCon
Opinionation
Our Games
Videos
Blog
Mobile Apps
Partnerships
Remove Ads and Go Orange
Feedback
Just For Fun
Clickable
Get the Picture
Humor
Quick Pick
Word Ladder
Missing Word
Mixed Word
Blitz
Minefield
This or That
Alphabet
Color
Typing
Sporcle
Puzzle
Word Play
Follow That Line
Logic
Just For Fun
Clickable
Get the Picture
Humor
Quick Pick
Word Ladder
Missing Word
Mixed Word
Blitz
Minefield
This or That
Alphabet
Color
Typing
Sporcle
Puzzle
Word Play
Follow That Line
Logic
Random Quiz
Search Sporcle
×
Quiz Lab
Quiz Lab
Just For Fun
Mixed Word
Type in answers that appear in a list
Type in answers that appear in a list
Classic
Best Score? Go Orange.
'K' Daily Dose Digest Stats
Can you name the answers to the three mini daily dose challenges, all of which begin with the letter 'K'?
By
citkeane
4m
24 Questions
196 Plays
196 Plays
196 Plays
Comments
Comments
Give Quiz Kudos
Give Quiz Kudos
-
- Ratings
hide this ad
More Info
Replay
Link that replays current quiz
Next Quiz
Link to next quiz in quiz playlist
You Got
0%
They Got
Avg Score
59%
Avg Friend Score
Upgrade to see
Score Distribution
Jump to the score distribution portion of the page
Score
0/24
Timer
04:00
0
Plays Today
% Correct
KUNG
94.4%
KEEP
88.7%
KNEE
88.2%
KILLING
87.2%
KUWAIT
85.6%
KISSED
83.1%
KNIFE
79.5%
KARMA
74.9%
KIEL
73.3%
❖KING❖
72.8%
KNOCK
70.8%
KABUL
64.6%
% Correct
KYRGYZSTAN
59%
KANT
51.8%
KIRIBATI
51.3%
KANG
47.7%
KATHMANDU
46.2%
KAMPALA
44.1%
KINE
39.5%
❖KITE❖
35.9%
KAAT
30.3%
KALININGRAD
25.6%
KAAS
21.5%
❖KEAS❖
20%
Quiz Playlist
Details
Report
Send in Message
Add To Playlist
More Info:
This is an entry in the Sporcle University quiz making contest. The theme is 'The Letter K'. For more information click the Sporcle University link.
Classic:
Type in answers that appear in a list
Quiz Source
Last Updated: Jun 17, 2017
Quiz Scoreboard
CHALLENGE
Sign Up to Join the Scoreboard
Show All
Scores
Hide
Comments
May contain spoilers
Recently Published
Pick 6: Fruits
by JohnFran
Miscellaneous
15s
Click the 1999 NBA Draft
by nibperrychub
Sports
2m
Alphabetical 'K' Countries by Flag Minefield
by ylime102
Geography
3m
More to Explore
Quiz From the Vault
Featured Blog Post
15 Basketball Trivia Facts You Can Be March Mad About
hide this ad
You Might Also Like...
Tags
City Quiz
Missing Word Quiz
Mixed Word Quiz
Song Quiz
Word Ladder Quiz
bird
challenge
Daily
Letter K
Single
Today's Top Quizzes in Just For Fun
Browse Just For Fun
hide this ad
Today's Top Quizzes in Mixed Word
Browse Mixed Word
Top Contributed Quizzes in Just For Fun
1
Seasons
2
Pick 6: Letters
3
Pick 6: Foods
4
Pick 6: Colors
5
Quick Pick: Spring Things
6
Just Another 1-25 Logic Puzzle
7
Four Seasons
8
🌸 Two-Word Hint Crossword 7 🌸
9
LogiCrossword: Seasons of Year
10
Big Bang Theory Logic Puzzle
Explore More
Trending Topics
Harry Potter
Crossword
Marvel
Anime
NBA
Disney
Kpop
Country
NFL
Soccer
Song
Puzzle
The Office
WWE
Pokémon
hide this ad
More By:
citkeane
Quiz
Plays
Rating
Category
Featured
Created
Clickable Concentration
4,119,655
3.59
Gaming
Aug 7, 2012
US Cities: North to South
3,741,835
3.58
Geography
Apr 12, 2012
US Cities: West to East
2,235,915
3.84
Geography
Apr 25, 2012
European Cities: North to South
1,079,851
3.80
Geography
Apr 12, 2012
Clickable Concentration (Redux)
896,510
3.86
Gaming
Dec 5, 2012
Go to Creator's Profile
Score Distribution
Quiz Creator Spotlight
citkeane
Follow
Send a Message
Quizzes Created
-
Created Quiz Play Count
-
More By This Creator
Popular Quizzes Today
1
Countries of Asia Without Outlines Minefield
2
Find the US States - No Outlines Minefield
3
Pick 6: Fruits
4
Alphabetical 'K' Countries by Flag Minefield
5
The Countries of the World
6
Find the US States
7
US States
8
Match the Book to the Film X
More Just For Fun Quizzes
Get the Picture: Orwell or Wells?
Published
Trending Quizzes
Pick 6: Mountains
Pick 6: Harry Potter
Pick 6: NFL Teams
Pick 6: Movie Franchises
Pick 6: Golfers
Recently Updated
NWSL Teams
pecheneg
Women's Final Four Teams by Year
bhenderson79
Presidents Quartet II
eogle
Anything But Clue(do)
eogle
Anything But Oceanian Capitals
eogle
Anything But 7
eogle
Anything But Thing
eogle
Word Ladder: February 29
pecheneg
Song Title Questions
pecheneg
Women's NCAA Tournament #1 Seeds
pecheneg
Trending Topics
NBA
Disney
Crossword
Harry Potter
Anime
Kpop
Marvel
Pokémon
Puzzle
Soccer
The Office
Song
WWE
Country
NFL
Your Account Isn't Verified!
In order to create a playlist on Sporcle, you need to verify the email address you used during registration. Go to your
Sporcle Settings
to finish the process.
Report this User
Report this user for behavior that violates our
Community Guidelines
.
Details:
Send Report
Go to the Sporcle.com Mobile Site →
Comments